Global freshwater biodiversity (Registro nro. 368)

Detalles MARC
000 -CABECERA
Campo de control 00740nam a2200253 a 4500
005 - FECHA Y HORA DE LA ULTIMA TRANSACCION
Campo de control 20140930122110.0
008 - ELEMENTOS DE LONGITUD FIJA—INFORMACION GENERAL
Campo de control 140220b1997 - ||||| |||| 00| 0 eng d
041 ## - IDIOMA
Código de idioma para texto/pista de sonido o título separado Inglés
044 ## - PAÍS DE PUBLICACIÓN
País de publicación Canadá
090 ## - CLASIFICACIÓN LOCAL
Colección LB
Consecutivo 00348
100 ## - ASIENTO PRINCIPAL--NOMBRE PERSONAL
Nombre personal McAllister, Don E.
245 ## - MENCION DE TITULO
Título Global freshwater biodiversity
Parte restante del título striving for the integrity of freshwater ecosystem
260 ## - PUBLICACION, DISTRIBUCION, ETC. (PIE DE IMPRENTA)
Lugar de publicación, distribución, etc. Ottawa
Nombre del editor, distribuidor, etc. Sea Wind
Fecha de publicación, distribución, etc. 1997
300 ## - DESCRIPCION FISICA
Extensión 140 p.
650 ## - ASIENTO SECUNDARIO DE MATERIA - TERMINO TEMATICO
Término temático o nombre geográfico como elemento de entrada Recursos hidrobiológicos
650 ## - ASIENTO SECUNDARIO DE MATERIA - TERMINO TEMATICO
Término temático o nombre geográfico como elemento de entrada Impacto humano
650 ## - ASIENTO SECUNDARIO DE MATERIA - TERMINO TEMATICO
Término temático o nombre geográfico como elemento de entrada Agua dulce
650 ## - ASIENTO SECUNDARIO DE MATERIA - TERMINO TEMATICO
Término temático o nombre geográfico como elemento de entrada Conservación ex situ
650 ## - ASIENTO SECUNDARIO DE MATERIA - TERMINO TEMATICO
Término temático o nombre geográfico como elemento de entrada Conservación in situ
650 ## - ASIENTO SECUNDARIO DE MATERIA - TERMINO TEMATICO
Término temático o nombre geográfico como elemento de entrada Peces
700 ## - ASIENTO SECUNDARIO - NOMBRE PERSONAL
Nombre personal Hamilton, Andrew L.
700 ## - ASIENTO SECUNDARIO - NOMBRE PERSONAL
Nombre personal Harvey, Brian
942 ## - ELEMENTOS ADICIONALES (KOHA)
Tipo de ítem Impreso
Sistema de clasificación Local
Existencias
Withdrawn status Lost status Sistema de Clasificación Damaged status No para préstamo Colección Inventariado Ubicación Permanente Ubicación actual Fecha de adquisición Fuente de Valor Valor Total Checkouts Número topográfico Inventario / Código de Barras Date last seen Ejemplar Price effective from Forma de adquisición Tipo de material
    Local     General Inventariado 2017 Villa de Leyva Villa de Leyva 01/02/1998 Instituto 39000.00   LB-00348 000511 04/12/2012 Ej. 1 04/12/2012   Libro